000 00311nam a2200109Ia 4500
008 220204s9999 xx 000 0 und d
082 _a339.9
_bMEA.2
100 _aMEADE, J E
245 0 _aTheory of international economic policy. V 2. Trade and welfare
260 _aLondon
_bOxford University Press
942 _cBK
999 _c23496
_d23496